| 000 | | | 03715nmc2a22002413x 450 |
| 001 | | | 39011f6d-392b-4d5d-9f6f-2d925e4695a0 |
| 005 | | | 20250621154056.0 |
| 100 | ## | $a | 20241209l18421855k l0rusy0189 ca |
| 101 | 0# | $a | rus |
| | $a | ger |
| | $a | fre |
| 102 | ## | $a | RU |
| 105 | ## | $a | y### |
| 122 | 2# | $a | d |
| 200 | 1# | $a | Дело о приобретении для учебных заведений Министерства народного просвещения сочинения профессора Ледебурга под названием "Flora russica" |
| | $j | 3 февраля 1842 г. - 24 марта 1855 г. |
| 215 | ## | $a | 184 л. |
| | $d | 38х26 см |
| 251 | ## | $c | Дело |
| 300 | ## | $a | На русском, немецком и французском языках |
| 371 | ## | $a | Документ не является опубликованным и широко распространяемым |
| 461 | #0 | $1 | 0012b5b8419-5ce4-4d16-a7a3-85720a295f1f |
| | $1 | 2001 |
| | $a | Канцелярия министра народного просвещения |
| | $1 | 251 |
| | $c | Фонд |
| | $1 | 852 |
| | $j | 735 |
| 462 | #0 | $1 | 001562cc287-b13c-4f02-8029-f81535ba1e2e |
| | $1 | 2001 |
| | $a | Канцелярия министра народного просвещения |
| | $1 | 251 |
| | $c | Опись |
| | $1 | 852 |
| | $j | 2 |
| 801 | #0 | $a | RU |
| | $b | РГИА |
| | $c | 20241209 |
| | $g | RCR |
| 801 | #1 | $a | RU |
| | $b | ГлавНИВЦ |
| | $c | 20241209 |
| | $2 | rusmarc |
| 801 | #2 | $a | RU |
| | $b | ПБ им. Б.Н. Ельцина |
| | $c | 20250621 |
| | $g | RCR |
| | $2 | rusmarc |
| 850 | ## | $a | РГИА |
| 852 | ## | $a | РГИА |
| | $e | Федеральное казенное учреждение "Российский государственный исторический архив" (РГИА) |
| | $j | 292 |
| 937 | ## | $h | РГИА |
| | $d | 12421210 |
| | $a | ASBIBLIO_SCAN |
| 035 | ## | $a | RusGRCC00083084 |
| 856 | ## | $u | http://readingroom.main.prlib.ru/item.aspx?id_node=n196843950&mode=full |